| 000 | 00440cam a22001337a 4500 | ||
|---|---|---|---|
| 008 | 180718b1963 xxu||||| |||| 00| 0 eng d | ||
| 082 | _aW46 Un3 | ||
| 245 |
_aAlcohol and traffic safety _cedited by Bernard H. Fox and James H. Fox |
||
| 260 |
_aWashington _bGovernment Printing Office _c1963 |
||
| 300 | _a258+p. | ||
| 700 | _aUnited States. Department of Health, Education and Welfare | ||
| 700 | _aFox, James H. | ||
| 700 | _aFox, Bernard H. | ||
| 999 |
_c498613 _d498613 |
||